[Event "Schachfestival 2014 - Open"]
[Site "Bad Wörishofen"]
[Date "2014.03.22"]
[Round "2.89"]
[White "Mamyrbay, Assad"]
[Black "Tichacek, Alois"]
[Result "1-0"]
[WhiteElo "1958"]
[BlackElo "1770"]
[Annotator "chessorg"]
[PlyCount "53"]
[EventDate "2014.??.??"]
[BlackTeam "MOD"]

1. e4 d6 2. d4 g6 3. Nc3 Bg7 4. Nf3 e6 5. Bg5 f6 6. Be3 Ne7 7. Qd2 g5 8. Be2
Ng6 9. O-O-O Bd7 10. g4 Nc6 11. h4 gxh4 12. Nxh4 Qe7 13. f4 O-O-O 14. d5 exd5
15. exd5 Nb8 16. Nf5 Bxf5 17. gxf5 Nf8 18. Bxa7 Nfd7 19. Bf2 Nc5 20. Bxc5 dxc5
21. Nb5 Nd7 22. d6 cxd6 23. Qa5 Nb8 24. Na7+ Kd7 25. Bb5+ Nc6 26. Nxc6 bxc6 27.
Qa7+ 1-0

[Event "Schachfestival 2014 - Open"]
[Site "Bad Wörishofen"]
[Date "2014.03.22"]
[Round "2.99"]
[White "Schwarz, Susanne"]
[Black "Wahl, Peter"]
[Result "0-1"]
[WhiteElo "1374"]
[BlackElo "1909"]
[Annotator "chessorg"]
[PlyCount "42"]
[EventDate "2014.??.??"]
[WhiteTeam "SK Germering e. V."]

1. c4 Nf6 2. d4 g6 3. Nc3 d5 4. e3 Bg7 5. Nf3 O-O 6. b3 c5 7. cxd5 Nxd5 8. Bb2
Nc6 9. Bc4 Nb6 10. O-O Nxc4 11. bxc4 cxd4 12. exd4 Nxd4 13. Nd5 Nxf3+ 14. Qxf3
Bxb2 15. Rab1 Bg7 16. Rfe1 e6 17. Nf4 Qc7 18. Rbc1 Bd7 19. Red1 Bc6 20. Qe3 Bh6
21. g3 e5 0-1

[Event "Schachfestival 2014"]
[Site "Bad Wörishofen"]
[Date "2014.03.22"]
[Round "3.1"]
[White "Cocchi, Andrea"]
[Black "Kveinys, Aloyzas"]
[Result "0-1"]
[WhiteElo "2321"]
[BlackElo "2530"]
[Annotator "chessorg"]
[PlyCount "82"]
[EventDate "2014.??.??"]
[WhiteTeam "CSB"]

1. e4 c5 2. Nf3 e6 3. d4 cxd4 4. Nxd4 a6 5. Bd3 Ne7 6. c4 Nbc6 7. Nc2 Ng6 8.
Nc3 Bc5 9. Na4 Ba7 10. O-O O-O 11. c5 d6 12. Be3 dxc5 13. Nxc5 Qe7 14. Nb3 Bxe3
15. Nxe3 Rd8 16. Qb1 Nce5 17. Rd1 Bd7 18. Bf1 h5 19. Nd4 Qg5 20. g3 Ba4 21. b3
Rxd4 22. Rxd4 Nf3+ 23. Kh1 Nxd4 24. bxa4 b5 25. Qb4 Qf6 26. Rd1 e5 27. Kg1 a5
28. Qc5 bxa4 29. Rb1 h4 30. Nd5 Qf3 31. Bg2 Qd3 32. Rf1 a3 33. Nb6 Re8 34. Qxa5
h3 35. Bxh3 Nf4 36. Bg4 Nde2+ 37. Bxe2 Nxe2+ 38. Kg2 Qxe4+ 39. f3 Qd3 40. Rf2
Re6 41. Qd5 Nf4+ 0-1

[Event "Schachfestival 2014"]
[Site "Bad Wörishofen"]
[Date "2014.03.22"]
[Round "3.3"]
[White "Schulze, Ulrich"]
[Black "Teske, Henrik"]
[Result "1/2-1/2"]
[WhiteElo "2296"]
[BlackElo "2519"]
[Annotator "chessorg"]
[PlyCount "58"]
[EventDate "2014.??.??"]
[WhiteTeam "SC Bretten"]
[BlackTeam "SV Glueck auf Ruedersdorf e.V."]

1. d4 g6 2. Nf3 Bg7 3. g3 c5 4. c3 Nf6 5. Bg2 Na6 6. O-O O-O 7. c4 d5 8. cxd5
Nxd5 9. Nc3 Be6 10. Ng5 cxd4 11. Nxe6 fxe6 12. Nxd5 exd5 13. e3 e6 14. exd4 Qb6
15. Be3 Rac8 16. Bh3 Nc7 17. Qa4 a6 18. Rac1 Qd6 19. Bf4 Rxf4 20. gxf4 Rf8 21.
Qa3 Qd7 22. Qe3 Re8 23. Rfe1 Kf7 24. a4 Bf6 25. Kh1 Re7 26. b3 Ne8 27. Rc2 Ng7
28. Bg4 Qd6 29. Rd1 h5 1/2-1/2

[Event "Schachfestival 2014"]
[Site "Bad Wörishofen"]
[Date "2014.03.22"]
[Round "3.4"]
[White "Nikolov, Momchil"]
[Black "Dehlinger, Alexander"]
[Result "1-0"]
[WhiteElo "2515"]
[BlackElo "2266"]
[Annotator "chessorg"]
[PlyCount "67"]
[EventDate "2014.??.??"]
[BlackTeam "SC Garching"]

1. Nf3 Nf6 2. c4 e6 3. Nc3 Bb4 4. Qc2 c5 5. a3 Ba5 6. g3 Nc6 7. Bg2 O-O 8. O-O
d6 9. d3 h6 10. e3 e5 11. Nd5 Nxd5 12. cxd5 Ne7 13. Nd2 Bxd2 14. Bxd2 Bd7 15.
Bc3 Qc8 16. e4 f6 17. f4 b5 18. f5 Qb7 19. h4 b4 20. Bd2 bxa3 21. Rxa3 Rfb8 22.
Bc3 Nc8 23. g4 Kf7 24. Qe2 Ke7 25. g5 hxg5 26. hxg5 Nb6 27. Rfa1 Bb5 28. Qh5
Rh8 29. Qg6 Kf8 30. gxf6 Rh6 31. fxg7+ Qxg7 32. Qxg7+ Kxg7 33. Rxa7+ Rxa7 34.
Rxa7+ 1-0

[Event "Schachfestival 2014"]
[Site "Bad Wörishofen"]
[Date "2014.03.22"]
[Round "3.5"]
[White "Zuse, Peter"]
[Black "Pap, Misa"]
[Result "0-1"]
[WhiteElo "2262"]
[BlackElo "2495"]
[Annotator "chessorg"]
[PlyCount "58"]
[EventDate "2014.??.??"]
[WhiteTeam "Klub KÃ¶lner Schachfreunde"]
[BlackTeam "Sfr. Korbach"]

1. c4 c5 2. g3 g6 3. Bg2 Bg7 4. e3 Nc6 5. Ne2 e5 6. Nbc3 Nge7 7. a3 O-O 8. O-O
a5 9. b3 d6 10. Bb2 Rb8 11. Nb5 d5 12. cxd5 Nxd5 13. d4 exd4 14. exd4 Nde7 15.
Bc3 Qb6 16. a4 cxd4 17. Nbxd4 Rd8 18. Nxc6 Nxc6 19. Qc1 Ne5 20. Nf4 Bg4 21. Qb2
Nc4 22. Qc1 Ne5 23. Qb2 Qd6 24. f3 g5 25. Ne2 Nd3 26. Qa3 Qb6+ 27. Kh1 Nf2+ 28.
Rxf2 Qxf2 29. Bxg7 Bxf3 0-1

[Event "Schachfestival 2014"]
[Site "Bad Wörishofen"]
[Date "2014.03.22"]
[Round "3.6"]
[White "Naumkin, Igor"]
[Black "Rahls, Peter"]
[Result "1-0"]
[WhiteElo "2477"]
[BlackElo "2238"]
[Annotator "chessorg"]
[PlyCount "93"]
[EventDate "2014.??.??"]
[BlackTeam "SK Zehlendorf e.V."]

1. d4 d5 2. c4 c6 3. Nf3 Nf6 4. Nc3 a6 5. Ne5 Nbd7 6. Bf4 Nh5 7. e3 Nxf4 8.
exf4 Nxe5 9. fxe5 g6 10. cxd5 cxd5 11. Bd3 e6 12. h4 h5 13. Rc1 Bd7 14. Qd2 Rc8
15. a3 Bh6 16. f4 O-O 17. g3 Qb6 18. Be2 f6 19. exf6 Rxf6 20. O-O Rcf8 21. Kg2
Qd6 22. Rce1 Bg7 23. Bd3 Qb6 24. Bb1 Rc8 25. Rf3 Kh7 26. Re5 Kg8 27. Rg5 Be8
28. Re3 Qd6 29. Ne2 Bh6 30. Rge5 Bd7 31. Ng1 Qc7 32. Re1 Bg7 33. Nf3 Rcf8 34.
Rg5 Be8 35. Ne5 Bh6 36. Rxg6+ Bxg6 37. Bxg6 Qg7 38. Qd3 Bxf4 39. gxf4 Rxf4 40.
Re3 Kh8 41. Rg3 Rf2+ 42. Kh3 R8f4 43. Bxh5 Rxh4+ 44. Kxh4 Rh2+ 45. Rh3 Qf6+ 46.
Kg4 Rf2 47. Bf7+ 1-0

[Event "Schachfestival 2014"]
[Site "Bad Wörishofen"]
[Date "2014.03.22"]
[Round "3.7"]
[White "Schelle, Artur"]
[Black "Karpatchev, Alexandr"]
[Result "0-1"]
[WhiteElo "2234"]
[BlackElo "2464"]
[Annotator "chessorg"]
[PlyCount "32"]
[EventDate "2014.??.??"]
[WhiteTeam "SC Tarrasch 45 München"]

1. e4 e5 2. Nf3 Nc6 3. d4 exd4 4. Nxd4 Bc5 5. Nxc6 bxc6 6. Bd3 Qh4 7. Qe2 Nf6
8. h3 O-O 9. g3 Qh5 10. g4 Qe5 11. f4 Qe7 12. Nc3 d5 13. e5 Ne4 14. Bxe4 dxe4
15. Be3 Rb8 16. O-O-O Ba3 0-1

[Event "Schachfestival 2014"]
[Site "Bad Wörishofen"]
[Date "2014.03.22"]
[Round "3.8"]
[White "Skembris, Spyridon"]
[Black "Felgendreher, Heiko"]
[Result "1-0"]
[WhiteElo "2449"]
[BlackElo "2229"]
[Annotator "chessorg"]
[PlyCount "63"]
[EventDate "2014.??.??"]
[WhiteTeam "SK Freiburg Zaehringen 1887 e.V."]
[BlackTeam "Freibauer Moerlenbach-Birkenau"]

1. c4 Nf6 2. g3 g6 3. Bg2 d5 4. Nf3 Bg7 5. O-O O-O 6. cxd5 Nxd5 7. Nc3 Nb6 8.
b3 Nc6 9. Ba3 Re8 10. Rc1 e5 11. d3 f5 12. Qd2 Bf6 13. h4 Kg7 14. Rfd1 Be6 15.
e3 Bg8 16. Qc2 Qc8 17. Bh3 Be6 18. d4 exd4 19. exd4 Nd5 20. Nxd5 Bxd5 21. Ne5
Nxd4 22. Rxd4 Rxe5 23. Qd2 Be6 24. Bd6 Re4 25. Rxe4 fxe4 26. Rxc7+ Qxc7 27.
Bxc7 Bxh3 28. Kh2 Be6 29. Qf4 Bd5 30. h5 gxh5 31. Be5 Rf8 32. Qg5+ 1-0

[Event "Schachfestival 2014"]
[Site "Bad Wörishofen"]
[Date "2014.03.22"]
[Round "3.10"]
[White "Yagupov, Igor"]
[Black "Calzetta, Monica"]
[Result "1-0"]
[WhiteElo "2393"]
[BlackElo "2208"]
[Annotator "chessorg"]
[PlyCount "71"]
[EventDate "2014.??.??"]

1. e4 c5 2. Nf3 Nc6 3. d4 cxd4 4. Nxd4 g6 5. Nc3 Bg7 6. Be3 Nf6 7. Bc4 O-O 8.
Bb3 d6 9. f3 Bd7 10. h4 h5 11. Qd2 Na5 12. O-O-O Nxb3+ 13. cxb3 Qa5 14. Kb1
Rfc8 15. Bh6 Bxh6 16. Qxh6 b5 17. g4 b4 18. Nce2 Qe5 19. gxh5 Qxh5 20. Qd2 a5
21. Rdg1 Rc5 22. Ng3 Qh8 23. h5 Nxh5 24. Ndf5 Bxf5 25. exf5 Kf8 26. Nxh5 gxh5
27. Qg5 e6 28. Rxh5 Qd4 29. f6 Ke8 30. Qg8+ Kd7 31. Qxf7+ Kc6 32. Rxc5+ dxc5
33. Qxe6+ Kb5 34. Qe2+ Kb6 35. Rc1 Rd8 36. f7 1-0

[Event "Schachfestival 2014"]
[Site "Bad Wörishofen"]
[Date "2014.03.22"]
[Round "3.11"]
[White "Raghavi, N."]
[Black "Abdumalik, Zhansaya"]
[Result "1/2-1/2"]
[WhiteElo "2213"]
[BlackElo "2379"]
[Annotator "chessorg"]
[PlyCount "101"]
[EventDate "2014.??.??"]

1. e4 c5 2. Nf3 e6 3. g3 Nc6 4. Bg2 Nf6 5. Qe2 d6 6. O-O Be7 7. c3 O-O 8. d4
cxd4 9. cxd4 d5 10. e5 Ne4 11. Rd1 Qb6 12. Be3 Bd7 13. Ne1 f5 14. f3 Ng5 15.
Nc3 Rac8 16. Rac1 Na5 17. Nd3 Nc4 18. Bf2 Qa5 19. Nc5 Bxc5 20. dxc5 f4 21. gxf4
Rxf4 22. b3 Na3 23. Be3 Rf5 24. f4 Nf7 25. Nxd5 exd5 26. Bxd5 Re8 27. Bxb7 Qc7
28. Bd5 Kh8 29. c6 Bc8 30. Qd3 a6 31. b4 Nb5 32. a4 Na7 33. b5 axb5 34. axb5
Nxb5 35. Qxb5 Nxe5 36. Bb6 Nf3+ 37. Bxf3 Qxf4 38. Qf1 Qxf3 39. Qxf3 Rxf3 40.
Re1 Rxe1+ 41. Rxe1 Kg8 42. c7 Kf7 43. Bc5 Bh3 44. Rc1 h5 45. Bd6 Bc8 46. Kg2
Rb3 47. Re1 Rc3 48. Re7+ Kf6 49. Re8 Bb7+ 50. Kf2 Rc6 51. Be5+ 1/2-1/2

[Event "Schachfestival 2014"]
[Site "Bad Wörishofen"]
[Date "2014.03.22"]
[Round "3.12"]
[White "Pirrot, Dieter"]
[Black "Pitschka, Claus"]
[Result "1-0"]
[WhiteElo "2379"]
[BlackElo "2203"]
[Annotator "chessorg"]
[PlyCount "37"]
[EventDate "2014.??.??"]
[WhiteTeam "SV 1920 Hofheim"]

1. e4 Nf6 2. e5 Nd5 3. d4 d6 4. c4 Nb6 5. f4 dxe5 6. fxe5 Nc6 7. Be3 Bf5 8. Nc3
e6 9. Nf3 Qd7 10. Be2 O-O-O 11. O-O Bg4 12. c5 Nd5 13. Nxd5 Qxd5 14. b4 f6 15.
b5 Qe4 16. Qb3 Nxd4 17. Nxd4 Rxd4 18. Bxg4 Qxg4 19. h3 1-0

[Event "Schachfestival 2014"]
[Site "Bad Wörishofen"]
[Date "2014.03.22"]
[Round "3.13"]
[White "Kannenberg, Karl-Heinz"]
[Black "Fernandez, Daniel Howard"]
[Result "1/2-1/2"]
[WhiteElo "2205"]
[BlackElo "2373"]
[Annotator "chessorg"]
[PlyCount "71"]
[EventDate "2014.??.??"]
[WhiteTeam "SC Kitzingen von 1905"]
[BlackTeam "Marple (England)"]

1. d4 Nf6 2. Nf3 g6 3. e3 Bg7 4. Be2 O-O 5. O-O b6 6. c4 Bb7 7. Nc3 d5 8. b3
dxc4 9. bxc4 Ne4 10. Nxe4 Bxe4 11. Nd2 Bb7 12. Bf3 Qc8 13. Rb1 Nd7 14. Ba3 c5
15. Bxb7 Qxb7 16. Bxc5 Nxc5 17. dxc5 Qa6 18. cxb6 axb6 19. Qc1 Rfd8 20. Nf3
Rdc8 21. Rb4 Qxa2 22. Rxb6 Qxc4 23. Qxc4 Rxc4 24. Rb7 Bf6 25. Rd7 Ra2 26. Rd2
Ra7 27. g3 e5 28. Rfd1 e4 29. Nd4 Bxd4 30. Rxd4 Rxd4 31. Rxd4 f5 32. h4 Kf7 33.
Kg2 Ke6 34. Rb4 Kd5 35. Rd4+ Ke6 36. Rb4 1/2-1/2

[Event "Schachfestival 2014"]
[Site "Bad Wörishofen"]
[Date "2014.03.22"]
[Round "3.14"]
[White "Schäfer, Michael"]
[Black "Ivanov, Mikhail M"]
[Result "0-1"]
[WhiteElo "2195"]
[BlackElo "2367"]
[Annotator "chessorg"]
[PlyCount "68"]
[EventDate "2014.??.??"]
[WhiteTeam "FB80 MÃ¶rlenbach-Birkenau"]

1. d4 Nf6 2. c4 e6 3. Nc3 Bb4 4. g3 O-O 5. Bg2 d6 6. Nf3 Bxc3+ 7. bxc3 Nbd7 8.
O-O Rb8 9. Qc2 b6 10. e4 Bb7 11. Nd2 e5 12. a4 a5 13. Ba3 Re8 14. Rfe1 Nf8 15.
c5 bxc5 16. dxe5 Rxe5 17. Nc4 Bxe4 18. Bxe4 Rxe4 19. Rxe4 Nxe4 20. Qxe4 d5 21.
Qe2 dxc4 22. Rd1 Qf6 23. Qxc4 Qf3 24. Qd5 Qxc3 25. Bxc5 Ne6 26. Be3 Qc2 27. Qd7
h6 28. Rc1 Qe4 29. Ra1 c5 30. h4 c4 31. Rc1 c3 32. Qa7 Rb1 33. Qxa5 Rxc1+ 34.
Bxc1 Qe1+ 0-1

[Event "Schachfestival 2014"]
[Site "Bad Wörishofen"]
[Date "2014.03.22"]
[Round "3.16"]
[White "Dewenter, Ulf"]
[Black "Singer, Christoph"]
[Result "0-1"]
[WhiteElo "2178"]
[BlackElo "2344"]
[Annotator "chessorg"]
[PlyCount "102"]
[EventDate "2014.??.??"]
[WhiteTeam "Schachclub Weisse Dame Borbeck 25"]
[BlackTeam "FC Bayern Muenchen e.V."]

1. d4 d5 2. Nf3 Nf6 3. g3 c6 4. Bg2 Bf5 5. O-O e6 6. c3 h6 7. Bf4 Nbd7 8. Qb3
Qb6 9. Qxb6 axb6 10. h4 Be7 11. Nbd2 b5 12. Rfe1 Nb6 13. a3 Na4 14. Ra2 O-O 15.
Be5 Rfe8 16. Bxf6 Bxf6 17. e4 Bh7 18. Nh2 Be7 19. f4 Bd6 20. Kf2 Kf8 21. Bf1
Bc7 22. Nhf3 Ba5 23. e5 Bf5 24. Re3 Bd8 25. Bd3 Bxd3 26. Rxd3 h5 27. Nf1 Be7
28. Ne3 g6 29. Nd1 Rec8 30. Ne3 c5 31. Rd1 b4 32. axb4 Nxc3 33. Rxa8 Nxd1+ 34.
Nxd1 Rxa8 35. bxc5 b6 36. cxb6 Rb8 37. Ne1 Rxb6 38. Ke2 Rb4 39. Ke3 Bd8 40. Nd3
Rc4 41. Nc5 Ba5 42. Kd3 Be1 43. Ne3 Rc1 44. g4 Bxh4 45. gxh5 gxh5 46. f5 Be7
47. b4 h4 48. fxe6 Bxc5 49. dxc5 h3 50. e7+ Kxe7 51. Nxd5+ Kd8 0-1

[Event "Schachfestival 2014"]
[Site "Bad Wörishofen"]
[Date "2014.03.22"]
[Round "3.17"]
[White "Wichmann, Cliff"]
[Black "Seidler, Lukas"]
[Result "1/2-1/2"]
[WhiteElo "2368"]
[BlackElo "2177"]
[Annotator "chessorg"]
[PlyCount "83"]
[EventDate "2014.??.??"]
[WhiteTeam "ESV Nickelhuette Aue"]
[BlackTeam "TSV Schott Mainz"]

1. d4 Nf6 2. c4 e6 3. Nf3 Bb4+ 4. Nbd2 d5 5. g3 O-O 6. Bg2 c5 7. cxd5 Qxd5 8.
O-O cxd4 9. Nb3 Qh5 10. Qxd4 Nc6 11. Qh4 Qxh4 12. Nxh4 a5 13. Be3 a4 14. Nd4
Nxd4 15. Bxd4 Ra5 16. a3 Bc5 17. Bc3 Ra7 18. Rac1 b6 19. Rfd1 Ba6 20. e3 Bb5
21. Nf3 Ne4 22. Bd4 Be2 23. Bxc5 bxc5 24. Re1 Bxf3 25. Bxf3 Nd2 26. Kg2 Nb3 27.
Rc3 Rb8 28. Rd1 Kf8 29. Rdd3 Ke7 30. Bc6 c4 31. Rd1 Rb6 32. Bf3 Rc7 33. Be2 Na5
34. Rd2 Rb3 35. Rdc2 Rxc3 36. Rxc3 Kd6 37. Bd1 Nb3 38. Kf1 Kc5 39. Ke1 Ra7 40.
Rc2 Kb5 41. Be2 Rc7 42. Bf1 1/2-1/2

[Event "Schachfestival 2014"]
[Site "Bad Wörishofen"]
[Date "2014.03.22"]
[Round "3.18"]
[White "Epishin, Vladimir"]
[Black "Weisenburger, Horst"]
[Result "1-0"]
[WhiteElo "2545"]
[BlackElo "2116"]
[Annotator "chessorg"]
[PlyCount "37"]
[EventDate "2014.??.??"]
[BlackTeam "SC BÃ¶blingen"]

1. d4 f5 2. Nc3 Nf6 3. Bg5 Nc6 4. Bxf6 exf6 5. e3 d5 6. Bd3 Be6 7. Nge2 g5 8.
Ng3 Ne7 9. Qh5+ Bf7 10. Qf3 g4 11. Qf4 h5 12. Nb5 Rc8 13. Nxf5 Ng6 14. Qg3 a6
15. Nc3 Qd7 16. h3 gxh3 17. Rxh3 Rg8 18. Qf3 Bb4 19. Nh6 1-0

[Event "Schachfestival 2014"]
[Site "Bad Wörishofen"]
[Date "2014.03.22"]
[Round "3.19"]
[White "Dittmar, Peter"]
[Black "Rand, Steven"]
[Result "1-0"]
[WhiteElo "2303"]
[BlackElo "2027"]
[Annotator "chessorg"]
[PlyCount "57"]
[EventDate "2014.??.??"]
[WhiteTeam "SC Oberwinden 1957 e.V."]

1. d4 Nf6 2. c4 g6 3. Nc3 d5 4. Nf3 Bg7 5. Bg5 Ne4 6. cxd5 Nxg5 7. Nxg5 e6 8.
Nf3 exd5 9. e3 O-O 10. b4 Qd6 11. Qb3 c6 12. Bd3 Nd7 13. O-O Nf6 14. Ne5 Re8
15. f4 Ng4 16. Rae1 Bxe5 17. fxe5 Qe7 18. h3 Nh6 19. Rf6 Be6 20. Ref1 Rf8 21.
Qb2 Kh8 22. Qf2 Ng8 23. Qh4 Qxb4 24. Ne2 Qe7 25. Nf4 Bf5 26. Bxf5 gxf5 27. Nh5
Rfe8 28. R1xf5 Nh6 29. Rf4 1-0

[Event "Schachfestival 2014"]
[Site "Bad Wörishofen"]
[Date "2014.03.22"]
[Round "3.22"]
[White "Comes, Bruno"]
[Black "Guttenthaler, Franz"]
[Result "1-0"]
[WhiteElo "2150"]
[BlackElo "2233"]
[Annotator "chessorg"]
[PlyCount "55"]
[EventDate "2014.??.??"]
[WhiteTeam "SC Wittlich 1947"]
[BlackTeam "Schachklub Germering e. V."]

1. e4 e6 2. d4 d5 3. Nc3 Nf6 4. Bg5 Bb4 5. e5 h6 6. Bd2 Bxc3 7. Bxc3 Ne4 8. Bd3
Nxc3 9. bxc3 c5 10. f4 Nc6 11. Nf3 Qa5 12. Qd2 Bd7 13. g4 Rc8 14. f5 cxd4 15.
cxd4 Nb4 16. O-O Qa4 17. Rf2 Nxd3 18. Qxd3 Qc4 19. Qa3 exf5 20. e6 Bxe6 21.
gxf5 Bxf5 22. Re1+ Be4 23. Ne5 Qxd4 24. Nxf7 Rxc2 25. Ref1 Rf8 26. Nd6+ Kd7 27.
Nxe4 Rf4 28. Qd6+ 1-0

[Event "Schachfestival 2014"]
[Site "Bad Wörishofen"]
[Date "2014.03.22"]
[Round "3.24"]
[White "Seyfried, Claus"]
[Black "Klamp, Christoph"]
[Result "1-0"]
[WhiteElo "2208"]
[BlackElo "2064"]
[Annotator "chessorg"]
[PlyCount "59"]
[EventDate "2014.??.??"]
[BlackTeam "SV Schachforum Darmstadt 1994"]

1. d4 f5 2. g3 Nf6 3. Bg2 d6 4. Nf3 e6 5. O-O Be7 6. Nbd2 O-O 7. Re1 Ne4 8.
Nxe4 fxe4 9. Nd2 d5 10. f3 exf3 11. Nxf3 c5 12. c3 Nc6 13. e4 cxd4 14. cxd4 Qb6
15. exd5 exd5 16. Ng5 Bxg5 17. Bxd5+ Kh8 18. Bxg5 Qxd4+ 19. Qxd4 Nxd4 20. Re7
Bh3 21. Rae1 Nc2 22. Rc1 Nb4 23. Bg2 Bxg2 24. Kxg2 Rfe8 25. Rcc7 Rxe7 26. Rxe7
b5 27. Rb7 Nxa2 28. Rxb5 h6 29. Be3 Kg8 30. Rb7 1-0

[Event "Schachfestival 2014"]
[Site "Bad Wörishofen"]
[Date "2014.03.22"]
[Round "3.25"]
[White "Stull, Norbert"]
[Black "Mihajlov, Sebastian"]
[Result "0-1"]
[WhiteElo "2069"]
[BlackElo "2207"]
[Annotator "chessorg"]
[PlyCount "54"]
[EventDate "2014.??.??"]
[WhiteTeam "Le Cavalier Differdange"]
[BlackTeam "OSS(Oslo)"]

1. d4 d5 2. c4 c6 3. Nf3 Nf6 4. e3 Bf5 5. Nc3 e6 6. cxd5 exd5 7. Be2 Bd6 8. O-O
O-O 9. b3 Nbd7 10. Bb2 Re8 11. Rc1 a5 12. Nh4 Be6 13. Qc2 Ne4 14. Nf3 f5 15.
Ne5 Nxe5 16. Nxe4 Nf3+ 17. gxf3 fxe4 18. f4 Bh3 19. f3 Bxf1 20. Rxf1 Qh4 21.
Bc1 exf3 22. Bxf3 Re6 23. Kh1 Rae8 24. Rg1 Kh8 25. Rg3 Rh6 26. Rg1 Bb4 27. Qe2
Bc3 0-1

[Event "Schachfestival 2014"]
[Site "Bad Wörishofen"]
[Date "2014.03.22"]
[Round "3.32"]
[White "Weichlein, Paul"]
[Black "Lupor, André"]
[Result "1/2-1/2"]
[WhiteElo "2029"]
[BlackElo "2297"]
[Annotator "chessorg"]
[PlyCount "34"]
[EventDate "2014.??.??"]
[BlackTeam "Schachgemeinschaft Ennepe-Ruhr-S"]

1. d4 Nf6 2. c4 g6 3. Nc3 d5 4. Bf4 Bg7 5. Nf3 O-O 6. e3 c5 7. Qb3 cxd4 8. Nxd4
dxc4 9. Bxc4 Nbd7 10. Ndb5 a6 11. Nc7 Ra7 12. Rd1 b5 13. Bxf7+ Rxf7 14. Ne6 Qe8
15. Nc7 Qd8 16. Ne6 Qe8 17. Nc7 Qd8 1/2-1/2

[Event "Schachfestival 2014"]
[Site "Bad Wörishofen"]
[Date "2014.03.22"]
[Round "3.34"]
[White "Fiedler, Wolfgang"]
[Black "Stiller, Patrick"]
[Result "1/2-1/2"]
[WhiteElo "2012"]
[BlackElo "2194"]
[Annotator "chessorg"]
[PlyCount "43"]
[EventDate "2014.??.??"]
[WhiteTeam "SK Zirndorf e.V."]

1. Nf3 Nf6 2. g3 g6 3. Bg2 Bg7 4. O-O d5 5. d4 O-O 6. Re1 c6 7. c3 Bf5 8. h3 h5
9. Nbd2 Nbd7 10. Nh4 Be6 11. Ndf3 Ne4 12. Ng5 Nxg5 13. Bxg5 Nf6 14. Be3 Ne4 15.
Kh2 Qd7 16. Nf3 f6 17. Nd2 Nd6 18. Bf4 Bf7 19. e4 e5 20. Be3 Nxe4 21. dxe5 Nxd2
22. exf6 1/2-1/2

[Event "Schachfestival 2014"]
[Site "Bad Wörishofen"]
[Date "2014.03.22"]
[Round "3.35"]
[White "Ramin, Michael"]
[Black "Babar, Michael"]
[Result "1/2-1/2"]
[WhiteElo "2004"]
[BlackElo "2170"]
[Annotator "chessorg"]
[PlyCount "28"]
[EventDate "2014.??.??"]
[BlackTeam "Schachclub Hansa Dortmund e.V."]

1. c4 d6 2. Nc3 g6 3. g3 Bg7 4. Nf3 c5 5. Bg2 Nc6 6. O-O e6 7. b3 Nge7 8. Bb2
O-O 9. Na4 e5 10. e3 a6 11. Qe2 Rb8 12. Rfe1 b5 13. Nc3 Qb6 14. Rad1 bxc4
1/2-1/2

[Event "Schachfestival 2014"]
[Site "Bad Wörishofen"]
[Date "2014.03.22"]
[Round "3.38"]
[White "Van Eck, Ted"]
[Black "Gerstner, Bernhard"]
[Result "0-1"]
[WhiteElo "1992"]
[BlackElo "2160"]
[Annotator "chessorg"]
[PlyCount "76"]
[EventDate "2014.??.??"]
[WhiteTeam "De Pion"]
[BlackTeam "MSA Zugzwang 82 e.V."]

1. e4 e5 2. Bc4 Nf6 3. d3 Nc6 4. Nf3 Bc5 5. O-O a6 6. a4 d6 7. c3 Ba7 8. Be3
O-O 9. Bxa7 Rxa7 10. Nbd2 h6 11. b4 d5 12. Ba2 Re8 13. Qc2 Ra8 14. exd5 Nxd5
15. Rfe1 Bf5 16. Ne4 Nf4 17. Rad1 Qe7 18. b5 axb5 19. axb5 Nd8 20. Bc4 Bg4 21.
Ned2 Qf6 22. d4 Bf5 23. Qb3 Qg6 24. Nh4 Nh3+ 25. Kf1 Bd3+ 26. Re2 Bxe2+ 27.
Bxe2 Qf6 28. Nhf3 e4 29. gxh3 exf3 30. Bxf3 Qf5 31. Bg4 Qf4 32. Nf3 Ne6 33. Kg1
Ng5 34. Ne5 h5 35. Bd7 Re7 36. Qd5 Ne4 37. Rf1 Qg5+ 38. Kh1 Ra1 0-1

[Event "Schachfestival 2014"]
[Site "Bad Wörishofen"]
[Date "2014.03.22"]
[Round "3.39"]
[White "Von Saldern, Rüdiger"]
[Black "Einwiller, Dieter"]
[Result "0-1"]
[WhiteElo "1973"]
[BlackElo "2155"]
[Annotator "chessorg"]
[PlyCount "74"]
[EventDate "2014.??.??"]
[WhiteTeam "SF Starnberger See e.V."]
[BlackTeam "SF Pfullingen"]

1. d4 f5 2. g3 e6 3. Bg2 Nf6 4. Bg5 d5 5. e3 Be7 6. Bxf6 Bxf6 7. Ne2 O-O 8. O-O
c5 9. c3 Qb6 10. Qb3 Qd6 11. Nd2 Nc6 12. dxc5 Qxc5 13. Rad1 Kh8 14. Rfe1 b5 15.
a3 Rb8 16. Nd4 Bd7 17. Nxc6 Qxc6 18. Rc1 a5 19. Qd1 Rfd8 20. Nb3 Qb6 21. Nd4 e5
22. Nc2 Be6 23. Qe2 Bf7 24. Red1 g6 25. Rd2 Rd6 26. Rcd1 Rbd8 27. h4 h6 28. Kh2
g5 29. hxg5 hxg5 30. Bh3 g4 31. Bg2 Kg7 32. Kg1 Bg5 33. f4 gxf3 34. Qxf3 Be6
35. Kf1 Kg6 36. Rf2 e4 37. Qe2 d4 0-1

[Event "Schachfestival 2014"]
[Site "Bad Wörishofen"]
[Date "2014.03.22"]
[Round "3.41"]
[White "Frei, Markus"]
[Black "Mihajlov, Svetoslav"]
[Result "0-1"]
[WhiteElo "1958"]
[BlackElo "2130"]
[Annotator "chessorg"]
[PlyCount "64"]
[EventDate "2014.??.??"]
[WhiteTeam "Freibauer Moerlenbach-Birkenau"]
[BlackTeam "Oslo OSS "]

1. e4 c5 2. Nf3 a6 3. d4 cxd4 4. Nxd4 Nf6 5. Nc3 e5 6. Nf3 Bb4 7. Bd2 d6 8. Bd3
Bg4 9. O-O Nc6 10. h3 Bh5 11. Bg5 Bxc3 12. bxc3 h6 13. Bd2 O-O 14. c4 Nd7 15.
Be3 Nc5 16. Bxc5 Bxf3 17. Qxf3 dxc5 18. c3 Qa5 19. Be2 Rad8 20. Rfd1 Rxd1+ 21.
Rxd1 Qxa2 22. Rd7 Qb2 23. Qd3 a5 24. Bh5 a4 25. Qd5 Qc1+ 26. Kh2 Qf4+ 27. Kg1
a3 28. g3 Qf6 29. Qxc5 Qg5 30. Bf3 Qc1+ 31. Rd1 Qxc3 32. Kg2 a2 0-1

[Event "Schachfestival 2014"]
[Site "Bad Wörishofen"]
[Date "2014.03.22"]
[Round "3.50"]
[White "Astengo, Corrado"]
[Black "Völz, Stephan"]
[Result "1/2-1/2"]
[WhiteElo "2105"]
[BlackElo "1942"]
[Annotator "chessorg"]
[PlyCount "62"]
[EventDate "2014.??.??"]
[WhiteTeam "Castelfidardo"]
[BlackTeam "SVM Wilkau HaÃŸlau"]

1. e4 c5 2. Nf3 Nc6 3. d4 cxd4 4. Nxd4 Nf6 5. Nc3 e5 6. Ndb5 d6 7. Bg5 a6 8.
Na3 b5 9. Bxf6 gxf6 10. Nd5 Bg7 11. c3 f5 12. exf5 Bxf5 13. Nc2 Be6 14. Nce3
Ne7 15. g3 Nxd5 16. Nxd5 O-O 17. Bg2 Rc8 18. O-O Rc5 19. a4 bxa4 20. Rxa4 a5
21. Qd2 f5 22. Rfa1 e4 23. Nf4 Bf7 24. R4a3 Re8 25. b4 axb4 26. cxb4 Rce5 27.
Rd1 d5 28. Ne2 d4 29. Qxd4 Rd5 30. Qxd5 Bxd5 31. Nf4 Qc8 1/2-1/2

[Event "Schachfestival 2014"]
[Site "Bad Wörishofen"]
[Date "2014.03.22"]
[Round "3.55"]
[White "Muehlbach, Peter"]
[Black "Urban, Rudolf"]
[Result "1-0"]
[WhiteElo "2061"]
[BlackElo "1903"]
[Annotator "chessorg"]
[PlyCount "55"]
[EventDate "2014.??.??"]
[BlackTeam "SC Roter Turm Altstadt"]

1. Nf3 d5 2. c4 e6 3. b3 Nf6 4. Bb2 b6 5. e3 Bb7 6. Be2 Nbd7 7. O-O Bd6 8. d4
O-O 9. Nbd2 Ne4 10. Qc2 f5 11. Ne5 Bxe5 12. dxe5 c5 13. f4 g5 14. Nxe4 fxe4 15.
Bg4 Qe7 16. fxg5 Rae8 17. h4 h6 18. Bh5 Rd8 19. Rf6 Nxf6 20. exf6 Qd6 21. f7+
Rxf7 22. Bxf7+ Kxf7 23. Qf2+ Ke8 24. Rf1 Kd7 25. gxh6 e5 26. Qf7+ Kc8 27. Rf6
Qd7 28. Qxd7+ 1-0